000
00311nam a22001337a 4500
008
170608b xxu||||| |||| 00| 0 eng d
020
_a
9780131930636
041
_a
eng
080
_2
4TH
_a
94
100
_a
18
101
_a
SHH
245
_a
TERRORISM IN THE TWENTY-FIRST CENTURY
_c
COMBDS,C,C
942
_2
udc
_c
BK
999
_c
16404
_d
16404